Welcome to CU Library Online Public Access Catalogue (OPAC)

The bonsai theory of church growth / (Record no. 6170)

MARC details
000 -LEADER
fixed length control field 00543cam a2200193 a 4500
001 - CONTROL NUMBER
control field 2485528
005 - DATE AND TIME OF LATEST TRANSACTION
control field 20250603083453.0
008 - FIXED-LENGTH DATA ELEMENTS--GENERAL INFORMATION
fixed length control field 910328s1991 tnua b 000 0 eng
020 ## - INTERNATIONAL STANDARD BOOK NUMBER
International Standard Book Number 0805460454 :
Terms of availability $3.25
050 00 - LIBRARY OF CONGRESS CALL NUMBER
Classification number BV652.25
Item number .H45 1991
082 00 - DEWEY DECIMAL CLASSIFICATION NUMBER
Classification number 254/.5
Edition information 20
100 1# - MAIN ENTRY--PERSONAL NAME
Personal name Hemphill, Ken,
Dates associated with a name 1948-
245 14 - TITLE STATEMENT
Title The bonsai theory of church growth /
Statement of responsibility, etc. Ken Hemphill.
260 ## - PUBLICATION, DISTRIBUTION, ETC.
Place of publication, distribution, etc. Nashville, Tenn. :
Name of publisher, distributor, etc. Broadman Press,
Date of publication, distribution, etc. c1991.
300 ## - PHYSICAL DESCRIPTION
Extent 128 p. :
Other physical details ill. ;
Dimensions 19 cm.
650 #0 - SUBJECT ADDED ENTRY--TOPICAL TERM
Topical term or geographic name entry element Church growth.
650 #0 - SUBJECT ADDED ENTRY--TOPICAL TERM
Topical term or geographic name entry element Bonsai.
942 ## - ADDED ENTRY ELEMENTS (KOHA)
Source of classification or shelving scheme Library of Congress Classification
Koha item type Books
Suppress in OPAC No
999 ## -
-- 6170
-- 6170
Holdings
Withdrawn status Lost status Source of classification or shelving scheme Damaged status Not for loan Collection Home library Current library Shelving location Date acquired Total checkouts Full call number Barcode Date last seen Copy number Price effective from Koha item type
    Library of Congress Classification     Non-fiction Undergraduate Library (Christ Temple) Undergraduate Library (Christ Temple) General stacks 06/03/2025   BV652.25 HEN ulct00002880 06/03/2025 1 06/03/2025 Books
    Library of Congress Classification     Non-fiction Undergraduate Library (Christ Temple) Undergraduate Library (Christ Temple) General stacks 06/03/2025   BV652.25 HEN ulct00002881 06/03/2025 2 06/03/2025 Books
    Library of Congress Classification     Non-fiction Undergraduate Library (Christ Temple) Undergraduate Library (Christ Temple) General stacks 06/03/2025   BV652.25 HEN ulct00002882 06/03/2025 3 06/03/2025 Books
© 2023-2024 Copyright: Central University Libraries. All Rights Reserved | Created by: Mahone Tech Office